Valérie Vignaux, Georges Sadoul, un intellectuel en cinéma. Du surréalisme à l’histoire, Sesto San Giovanni, Mimésis, coll. Cinéma, 2023, 489 pages (notice n° 1587341)
[ vue normale ]
| 000 -LEADER | |
|---|---|
| fixed length control field | 00596cam a2200145 4500500 |
| 005 - DATE AND TIME OF LATEST TRANSACTION | |
| control field | 20251228061052.0 |
| 041 ## - LANGUAGE CODE | |
| Language code of text/sound track or separate title | fre |
| 042 ## - AUTHENTICATION CODE | |
| Authentication code | dc |
| 100 10 - MAIN ENTRY--PERSONAL NAME | |
| Personal name | Barnier, Martin |
| Relator term | author |
| 245 00 - TITLE STATEMENT | |
| Title | Valérie Vignaux, Georges Sadoul, un intellectuel en cinéma. Du surréalisme à l’histoire, Sesto San Giovanni, Mimésis, coll. Cinéma, 2023, 489 pages |
| 260 ## - PUBLICATION, DISTRIBUTION, ETC. | |
| Date of publication, distribution, etc. | 2025.<br/> |
| 500 ## - GENERAL NOTE | |
| General note | 51 |
| 786 0# - DATA SOURCE ENTRY | |
| Note | Questions de communication | 48 | 2 | 2025-12-12 | p. 510-515 | 1633-5961 |
| 856 41 - ELECTRONIC LOCATION AND ACCESS | |
| Uniform Resource Identifier | <a href="https://shs.cairn.info/revue-questions-de-communication-2025-2-page-510?lang=fr&redirect-ssocas=7080">https://shs.cairn.info/revue-questions-de-communication-2025-2-page-510?lang=fr&redirect-ssocas=7080</a> |
Pas d'exemplaire disponible.




Réseaux sociaux